000 00924nam a2200277 i 4500
001 bg
245 0 0 _aDiagnostyka szkodników roślin i ich wrogów naturalnych.
_n[T.1] /
_cSzkoła Główna Gospodarstwa Wiejskiego w Warszawie ; [aut. M. W. Kozłowski].
260 _aWarszawa :
_bWydaw. SGGW,
_c1994.
300 _a327 s. :
_brys. ;
_c24 cm.
504 _aBibliogr. przy rozdz.
650 9 _aMięczaki
_xsystematyka
650 9 _aPierścieniowce
_xsystematyka
650 9 _aOwady szkodliwe
_xsystematyka
650 9 _aGryzonie
_xsystematyka
650 9 _aRośliny uprawne
_xochrona
655 _aPodręczniki akademickie
700 1 _aKOZŁOWSKI, M. W.
710 0 _aSzkoła Główna Gospodarstwa Wiejskiego (Warszawa)
020 _a8300028048
040 _cBPK
041 0 _apl
080 _a632.6/.7:592/599](083.44)
920 _a83-00-02804-8
942 _cKS
008 s pl f |000 0 pol
999 _c34440
_d34440
856 _uhttp://koha.tu.koszalin.pl/cgi-bin/koha/opac-detail.pl?biblionumber=34440
_yKatalog online BPK